000 00550nam a2200181Ia 4500
008 230711s9999||||xx |||||||||||||| ||und||
020 _a978-81-7993-302-2
041 _aENG
082 _a720
_bDU-I
100 _aDutta, Sekhar Chandra
245 0 _aImproving Earthquake and Cyclone Resistance of Structures : Guidelines for the Indian Subcontinent
250 _a1st Ed.
260 _c2017
_aNew Delhi
_bTERI The Energy and Resources Institute
300 _a304p.
650 _aArchitecture
700 _aMukhopadhyay, Parthasarathi
942 _cBK
999 _c6876
_d6876